[Event "Sunway Sitges Open 2019"]
[Site "Sitges ESP"]
[Date "2019.12.21"]
[Round "9.9"]
[White "Sindarov, Javokhir"]
[Black "Adly, Ahmed"]
[Result "0-1"]
[WhiteTitle "GM"]
[BlackTitle "GM"]
[WhiteElo "2526"]
[BlackElo "2607"]
[WhiteFideId "14205483"]
[BlackFideId "10601619"]
[EventDate "2019.12.13"]

1. e4 c6 2. d4 d5 3. Nc3 dxe4 4. Nxe4 Bf5 5. Ng3 Bg6 6. Nf3 Nd7 7. Bd3 Ngf6 8.
O-O e6 9. Re1 Be7 10. c4 Qc7 11. b3 O-O 12. Bb2 a5 13. Rc1 Qf4 14. Ne2 Qb8 15.
Bxg6 hxg6 16. Nc3 b5 17. Ne5 Nxe5 18. dxe5 Rd8 19. Qe2 Ne8 20. cxb5 cxb5 21.
Nxb5 a4 22. Nd4 Qb7 23. Nc6 Rd5 24. Nxe7+ Qxe7 25. bxa4 Rxa4 26. a3 Qb7 27. Rc2
Nc7 28. Rec1 Rd7 29. h3 Nd5 30. Qf3 Kh7 31. Qg3 Ne7 32. Qc3 Nd5 33. Qc6 Nf4 34.
Qxb7 Rxb7 35. Rd1 g5 36. Kh2 Kg6 37. g3 Nd5 38. Rd3 Re4 39. Kg2 Re1 40. Bd4 Rbb1
41. Rcd2 Kf5 42. a4 Rb4 43. a5 Ra4 44. Bb6 Kxe5 45. Rb3 f6 46. Rbb2 Rea1 47.
Re2+ Kf5 48. Bd8 e5 49. Rb7 Rd1 50. Rxg7 Raa1 51. Bc7 Rg1+ 52. Kh2 Rh1+ 53. Kg2
Nf4+ 0-1

[Event "Sunway Sitges Open 2019"]
[Site "Sitges ESP"]
[Date "2019.12.21"]
[Round "9.11"]
[White "Svane, Rasmus"]
[Black "Gukesh, D"]
[Result "1-0"]
[WhiteTitle "GM"]
[BlackTitle "GM"]
[WhiteElo "2597"]
[BlackElo "2547"]
[WhiteFideId "4657101"]
[BlackFideId "46616543"]
[EventDate "2019.12.13"]

1. e4 c5 2. Nf3 Nc6 3. Bb5 g6 4. O-O Bg7 5. c3 Nf6 6. Re1 O-O 7. d4 d5 8. e5 Ne4
9. Be3 Qb6 10. Bxc6 bxc6 11. Qc1 cxd4 12. cxd4 a5 13. Nc3 Nxc3 14. Qxc3 Bf5 15.
h3 Rfb8 16. b3 a4 17. g4 Bd7 18. Kg2 Qb7 19. Bg5 Bf8 20. Qe3 c5 21. Bh6 cxd4 22.
Nxd4 Bxh6 23. Qxh6 Qb4 24. Nf3 f6 25. a3 Qb6 26. exf6 Qxf6 27. Ng5 Re8 28. Qxh7+
Kf8 29. Re5 axb3 30. Rae1 Qg7 31. Rxd5 Bc8 32. Qxg7+ Kxg7 33. Rb5 Rxa3 34. Re3
Bd7 35. Rbxb3 Rxb3 36. Rxb3 Kf6 37. Ne4+ Kg7 38. Kg3 Bc6 39. Ng5 Bd5 40. Rb6 Ra8
41. f3 Ra3 42. h4 Rc3 43. Rb5 Rd3 44. Kf2 Rd1 45. Rc5 Kf6 46. Ke2 Rd4 47. Rc8
Ra4 48. Rf8+ Kg7 49. Rd8 Ra2+ 50. Ke3 Ra3+ 51. Kf2 Ra5 52. Re8 Kf6 53. Rb8 Kg7
54. Rb6 Rc5 55. Ke3 Ra5 56. Rb4 Ra3+ 57. Kf4 Ra5 58. Kg3 Ra1 59. Rd4 Ra5 60. Rd3
Kf6 61. Re3 Ra1 62. Nh3 Rd1 63. Nf4 Rd4 64. g5+ Kf7 65. Rd3 Rxd3 66. Nxd3 Ba2
67. Ne5+ Kg7 68. Kf4 Bb1 69. Nc6 Kf7 70. Ke5 Bc2 71. Nd4 Bb1 72. Ne2 Bc2 73. Nc3
Bd3 74. Ne4 Bc2 75. Nf2 Bb1 76. Ng4 Bc2 77. Nh6+ Ke8 78. f4 Kf8 79. Ke6 Bb3+ 80.
Ke5 Bc2 81. Ng4 Kf7 82. Nf2 Bb1 83. Nh1 Bc2 84. Ng3 Bb1 85. f5 gxf5 86. h5 e6
87. Ne2 Ba2 88. Nf4 Kg7 89. h6+ Kh7 90. Kf6 Bb3 91. Nd3 Bc2 92. Nf4 Bb3 93. Ng6
e5 94. Nf8+ Kh8 95. g6 1-0

[Event "Sunway Sitges Open 2019"]
[Site "Sitges ESP"]
[Date "2019.12.21"]
[Round "9.12"]
[White "Sasikiran, Krishnan"]
[Black "Bjerre, Jonas Buhl"]
[Result "1/2-1/2"]
[WhiteTitle "GM"]
[BlackTitle "IM"]
[WhiteElo "2656"]
[BlackElo "2526"]
[WhiteFideId "5004985"]
[BlackFideId "1444948"]
[EventDate "2019.12.13"]

1. d4 Nf6 2. c4 e6 3. Nf3 d5 4. Nc3 dxc4 5. e4 Bb4 6. Bxc4 Nxe4 7. O-O Nf6 8.
Qa4+ Nc6 9. Ne5 a5 10. Nxc6 bxc6 11. Qxc6+ Bd7 12. Qf3 O-O 13. Bf4 Bd6 14. Be5
a4 15. Rfe1 Rb8 16. b3 axb3 17. Bxb3 Rb4 18. Rad1 Bc8 19. Qh3 Bb7 20. Rd3 Bxe5
21. dxe5 Nd5 22. Qg3 c5 23. Nxd5 Bxd5 24. Bxd5 exd5 25. h3 Qd7 26. Qg5 h6 27.
Qd2 Rd8 28. Rc1 Qe6 29. Rxc5 Rb1+ 30. Kh2 Qxe5+ 31. f4 Qf6 32. Rcxd5 Rxd5 33.
Rxd5 Rb2 34. Rd8+ Kh7 35. Qd3+ g6 36. Qd4 Qxd4 1/2-1/2

[Event "Sunway Sitges Open 2019"]
[Site "Sitges ESP"]
[Date "2019.12.21"]
[Round "9.14"]
[White "Lagarde, Maxime"]
[Black "Girish, A. Koushik"]
[Result "1-0"]
[WhiteTitle "GM"]
[BlackTitle "GM"]
[WhiteElo "2655"]
[BlackElo "2506"]
[WhiteFideId "662399"]
[BlackFideId "5038448"]
[EventDate "2019.12.13"]

1. d4 Nf6 2. c4 e6 3. Nc3 Bb4 4. f3 c5 5. d5 b5 6. e4 O-O 7. d6 bxc4 8. Bg5 Nc6
9. Nh3 Ba6 10. Be2 h6 11. Bh4 Ne5 12. O-O Nd3 13. Bxd3 cxd3 14. e5 Bxc3 15. bxc3
g5 16. exf6 Qxf6 17. Qa4 gxh4 18. Qxa6 Qxc3 19. Rac1 Qd4+ 20. Nf2 d2 21. Rc4 Qd5
22. Rd1 Rab8 23. Rc2 Rb6 24. Qe2 Qxd6 25. Rcxd2 Qf4 26. Rxd7 1-0

[Event "Sunway Sitges Open 2019"]
[Site "Sitges ESP"]
[Date "2019.12.21"]
[Round "9.15"]
[White "Sadhwani, Raunak"]
[Black "Edouard, Romain"]
[Result "1/2-1/2"]
[WhiteTitle "IM"]
[BlackTitle "GM"]
[WhiteElo "2507"]
[BlackElo "2653"]
[WhiteFideId "35093487"]
[BlackFideId "633429"]
[EventDate "2019.12.13"]

1. c4 e5 2. Nc3 Nf6 3. Nf3 Nc6 4. d3 d5 5. cxd5 Nxd5 6. e4 Nf6 7. h3 Bc5 8. Be2
h6 9. O-O g5 10. Be3 Bd4 11. Nb5 Bb6 12. Bxb6 axb6 13. d4 exd4 14. e5 Nh5 15.
Nfxd4 Nxd4 16. Nxd4 Nf4 17. Bf3 O-O 18. Re1 Re8 19. g3 Ng6 20. e6 Bxe6 21. Bxb7
Rb8 22. Nxe6 Qxd1 23. Raxd1 Rxb7 24. Nd4 Rxe1+ 25. Rxe1 c5 26. Nf5 Kh7 27. Re8
b5 28. Rc8 c4 29. Nd6 Rd7 30. Nxb5 Rd2 31. Rxc4 Rxb2 32. a4 Ne5 33. Rc3 h5 34.
Kf1 g4 35. hxg4 hxg4 36. Ra3 Nc4 37. Ra1 Nd2+ 38. Kg1 Ne4 39. Nd4 Rd2 40. Nc6
Nxf2 41. a5 Nh3+ 42. Kf1 Rf2+ 43. Ke1 Rg2 44. Ra3 1/2-1/2

[Event "Sunway Sitges Open 2019"]
[Site "Sitges ESP"]
[Date "2019.12.21"]
[Round "9.16"]
[White "Sethuraman, S.P."]
[Black "Lobanov, Sergei"]
[Result "1/2-1/2"]
[WhiteTitle "GM"]
[BlackTitle "IM"]
[WhiteElo "2638"]
[BlackElo "2504"]
[WhiteFideId "5021596"]
[BlackFideId "24183750"]
[EventDate "2019.12.13"]

1. e4 c6 2. d4 d5 3. exd5 cxd5 4. Bd3 Nc6 5. c3 Nf6 6. h3 g6 7. Nf3 Bf5 8. Bb5
Bg7 9. O-O O-O 10. Re1 Qc7 11. Nbd2 a6 12. Bf1 b5 13. Nb3 b4 14. cxb4 Nxb4 15.
Bd2 Qb6 16. Rxe7 Ne4 17. Bxb4 Qxb4 18. Rc7 a5 19. a4 Rfc8 20. Rxc8+ Rxc8 21. Bd3
Rb8 22. Bc2 Nxf2 23. Kxf2 Bxc2 24. Qxc2 Qxb3 25. Qxb3 Rxb3 26. Ra2 f5 27. Ke2 g5
28. Nxg5 Bxd4 29. Nf3 Bxb2 30. Ne1 Kf7 31. Nd3 Bc3 32. Nf4 d4 33. Kd3 Kf6 34.
Kc4 Rb4+ 35. Kd3 Ke5 36. g3 Rb2 37. Rxb2 Bxb2 38. Ng2 Ba3 39. Nh4 Bd6 40. Nf3+
Kf6 41. g4 fxg4 42. hxg4 Bc5 43. Ke4 Ba7 44. Kd3 Bb6 45. Ke4 Ba7 1/2-1/2

[Event "Sunway Sitges Open 2019"]
[Site "Sitges ESP"]
[Date "2019.12.21"]
[Round "9.17"]
[White "Salgado Lopez, Ivan"]
[Black "Zanan, Evgeny"]
[Result "1/2-1/2"]
[WhiteTitle "GM"]
[BlackTitle "IM"]
[WhiteElo "2605"]
[BlackElo "2493"]
[WhiteFideId "2257327"]
[BlackFideId "24101940"]
[EventDate "2019.12.13"]

1. Nf3 d5 2. b3 c5 3. e3 Nf6 4. Bb2 g6 5. c4 dxc4 6. Bxc4 Bg7 7. d4 cxd4 8. Nxd4
O-O 9. O-O Bd7 10. Qe2 Nc6 11. Nf3 Bf5 12. Nc3 Qa5 13. Rfd1 Rad8 14. h3 a6 15.
a3 Rxd1+ 16. Rxd1 Rd8 17. Rxd8+ Nxd8 18. Nd4 Bd7 19. b4 Qc7 20. Bb3 e5 21. Nf3
Be6 22. Qd1 Bxb3 23. Qxb3 Nc6 24. Na4 Nd7 25. Ng5 Nd8 26. Ne4 Ne6 27. Qd5 Qc6
28. Qxc6 bxc6 29. g4 Bf8 30. Kg2 f6 31. Kg3 Kf7 32. f3 1/2-1/2

[Event "Sunway Sitges Open 2019"]
[Site "Sitges ESP"]
[Date "2019.12.21"]
[Round "9.30"]
[White "Dhulipalla, Bala Chandra Prasad"]
[Black "Lopez Martinez, Josep Manuel"]
[Result "1-0"]
[WhiteTitle "IM"]
[BlackTitle "GM"]
[WhiteElo "2414"]
[BlackElo "2561"]
[WhiteFideId "25005812"]
[BlackFideId "2212943"]
[EventDate "2019.12.13"]

1. Nf3 d6 2. d4 Bg4 3. c4 Nd7 4. Nc3 Ngf6 5. g3 e5 6. Bg2 c6 7. O-O Be7 8. h3
Bxf3 9. Bxf3 exd4 10. Qxd4 Ne5 11. Bg2 Qb6 12. Qxb6 axb6 13. b3 Kd8 14. Bb2 Kc7
15. f4 Ned7 16. b4 Rhe8 17. a3 Ng8 18. e4 Bf6 19. Rfd1 Bxc3 20. Bxc3 Ngf6 21.
Re1 Re7 22. Re2 c5 23. Kf2 Ra4 24. Bf3 Ne8 25. Re3 f6 26. h4 Nb8 27. Bd1 Ra8 28.
b5 Nd7 29. a4 g6 30. Bc2 Ng7 31. Kf3 Rae8 32. Rae1 Ne6 33. Rd3 f5 34. Rde3 Nd4+
35. Bxd4 cxd4 36. R3e2 fxe4+ 37. Rxe4 Rxe4 38. Rxe4 Rh8 39. Rxd4 Nc5 40. g4 Rf8
41. Rd1 Nd7 42. Re1 Rf7 43. Kg3 Nf6 44. f5 gxf5 45. Bxf5 Rg7 46. Kf4 h6 47. Re6
Rf7 48. Bg6 Rf8 49. Re7+ Kc8 50. Bf5+ Kb8 51. g5 hxg5+ 52. hxg5 Ng8 53. Rd7 Ka7
54. Rc7 Kb8 55. Rh7 Ka7 56. g6 d5 57. Rf7 Rd8 58. cxd5 Nh6 59. Ke5 Re8+ 60. Be6
Rg8 61. Kf6 Rd8 62. Rh7 Ng8+ 63. Kf7 Rb8 64. d6 Ra8 65. d7 Rd8 66. g7 Rb8 67.
Rh8 Rd8 68. a5 1-0

[Event "Sunway Sitges Open 2019"]
[Site "Sitges ESP"]
[Date "2019.12.21"]
[Round "9.38"]
[White "Diaz Camallonga, Carles"]
[Black "Lopez Mulet, Inigo"]
[Result "1/2-1/2"]
[WhiteTitle "IM"]
[BlackTitle "IM"]
[WhiteElo "2468"]
[BlackElo "2382"]
[WhiteFideId "22235256"]
[BlackFideId "22235620"]
[EventDate "2019.12.13"]

1. e4 e6 2. d4 d5 3. Nc3 Nf6 4. Bg5 Bb4 5. e5 h6 6. Bc1 Ne4 7. Qg4 g5 8. Ne2 c5
9. a3 Ba5 10. b4 Nxc3 11. Nxc3 cxd4 12. bxa5 dxc3 13. h4 Qc7 14. hxg5 Qxe5+ 15.
Qe2 Qxe2+ 16. Bxe2 h5 17. Bxh5 Kf8 18. Be3 Nc6 19. O-O-O Kg7 20. f4 e5 21. fxe5
Rxh5 22. Rxh5 Bg4 23. Rh6 Bxd1 24. Kxd1 d4 25. Bf4 Nxa5 26. Rd6 Nc6 27. g6 fxg6
28. Bg5 Re8 29. e6 Ne5 30. a4 a5 31. Ke2 Nf7 32. Rd7 Rxe6+ 33. Kd3 b6 34. Bf4
Kf6 35. Rxd4 g5 36. Bg3 Rc6 37. Rd5 Ke6 38. Rb5 g4 39. Rh5 Rc8 40. Kd4 Rc6 41.
Bf4 Rc8 42. Kd3 Rc6 43. Kd4 Rc8 44. Rh1 Nd8 45. g3 Nc6+ 46. Kxc3 Nb4+ 47. Kd4
Rxc2 48. Rh6+ Kf7 49. Rxb6 Ra2 50. Ke4 Rxa4 51. Kf5 Nd5 52. Rb7+ Ne7+ 53. Kxg4
Rb4 54. Ra7 a4 55. Kf3 Ke6 56. Ra6+ Kf7 57. Bd6 Rd4 58. Be5 Rc4 59. Rf6+ Kg8 60.
Ra6 Kf7 61. g4 Nc6 62. Ba1 Kg6 63. Ra8 Kf7 64. g5 Kg6 65. Bf6 Kf5 66. Ke3 Rb4
67. Kd2 Re4 68. Ra6 Rc4 69. Ra8 Re4 70. Kc1 Nd4 71. Kb2 Ne6 72. Ra5+ Kg6 73. Ka3
Rg4 74. Rxa4 1/2-1/2